NLSUI OPAC header image

International humanitarian intervention : humanity or power of politics? (Record no. 217059)

MARC details
000 -LEADER
fixed length control field 01833nam a2200145Ia 4500
005 - DATE AND TIME OF LATEST TRANSACTION
control field 20260209120131.0
008 - FIXED-LENGTH DATA ELEMENTS--GENERAL INFORMATION
fixed length control field 260209s9999||||xx |||||||||||||| ||und||
100 ## - MAIN ENTRY--PERSONAL NAME
Personal name Ambrina Khan
245 #0 - TITLE STATEMENT
Title International humanitarian intervention : humanity or power of politics?
260 ## - PUBLICATION, DISTRIBUTION, ETC.
Place of publication, distribution, etc. BangaloreBangalore
Name of publisher, distributor, etc. NLSIU
Date of publication, distribution, etc. 2013
300 ## - PHYSICAL DESCRIPTION
Extent 110 p. ; 25 cm.
505 ## - FORMATTED CONTENTS NOTE
Formatted contents note TABLE OF CONTENTS PARTICULARS; ACKNOWLEDGMENT; RESEARCH METHODOLOGY; ABSTRACT; CHAPTER I· CHANGING DIMENSIONS OF STATE SOVEREIGNTY; o INTRODUCTION; o STATE SOVEREIGNTY-CONCEPT,EVOLUTION AND DOWNFALL; o IMPACT OF INTERNATIONAL CRIMINAL LAW ON SOVEREIGNTY; o REASONS FOR STATES KNOWINGLY SURRENDERING THEIR SOVEREIGNTY BY RATIFYING ROME STATUTE; CHAPTER II· PRINCIPLE OF NON·INTERVENTION AND NON·USE OF FORCE: CUSTOMARY NORM WITH CHANGING INTERPRETATIONS; o INTRODUCTION; o MILL'S PRINCIPLES OF NONINTERVENTION; o EVOLUTION OF THE PRINCIPLE OF NONINTERVENTION AND USE OF FORCE; o NON-INTERVENTION RULE OF TREATY LAW; o NON-INTERVENTION RULE OF CUSTOMARY LAW; CHAPTER III· HUMANITARIAN INTERVENTION: JOURNEY FROM HUMANITY TO POWER POLITICS; o INTRODUCTION; o HUMANITARIAN INTERVENTION AS CUSTOMARY INTERNATIONAL LAW; o HUMANITARIAN INTERVENTION: EXCEPTION OR BREACH; o ABUSE OF HUMANITARIAN INTERVENTION ESTATES; o THE RENAISSANCE OF POWER POLITICS IN HUMANITARIAN CLOTHES: THE END OF INTERNATIONAL LAW; CHAPTER IV· CASE STUDY: ENDING TYRANNY IN IRAQ· A DENIAL OF JUSTICE; o INTRODUCTION; o TYRANNY- A JUSTIFICATION FOR; HUMANITARIAN INTERVENTION?; o STANDARDS OF HUMANITARIAN INTERVENTION VS. WAR IN IRAQ; o US JUSTIFICATIONS FOR UNILATERAL USE OF FORCE IN IRAQ: HUMANITY AN AFTER THOUGHT; CHAPTER V· RECOMMENDATIONS AND CONCLUSION; REFERENCES.
700 ## - ADDED ENTRY--PERSONAL NAME
Personal name Prof. H K Nagaraj - GuideProf. H K Nagaraj - Guide
856 ## - ELECTRONIC LOCATION AND ACCESS
Uniform Resource Identifier <a href="https://dans.nls.ac.in/handle/123456789/1817">https://dans.nls.ac.in/handle/123456789/1817</a>
Holdings
Withdrawn status Lost status Damaged status Not for loan Home library Current library Date acquired Total Checkouts Barcode Date last seen Price effective from Koha item type
        . . 09.02.2026   LLM424 09.02.2026 09.02.2026 Dissertation